000 01099nas a2200253 454500
001 34778
005 20260407193509.0
008 260407s2015####ag###########|||spa#d
003 AR-UNSa-BCEJYS
040 _aAR-UNSa-BCEJYS
_bspa
_cAR-UNSa-BCEJYS
080 _a347
_xDerecho Civil
245 1 0 _aTemas de derecho civil
_ppersona y patrimonio
264 1 _aBuenos Aires :
_bErreius
_c2015
310 _aFrecuencia: Mensual A partir del número correspondiente al mes de Febrero de 2024, cambia de periodicidad en forma bimestral A partir del número correspondiente al mes de Julio/Agosto de 2024, cambia la dirección a Flah, Lily R. y Ameal, Oscar J. A partir del número correspondiente al mes de Enero/Febrero de 2025, cambia la dirección a Ameal, Oscar J.
041 _aspa
942 _cSER
590 _aniveau_biblio:s niveau_hierar:1
100 1 _aFlah, Lily R.
700 1 _aTanzi, Silvia Y.
650 _aDerecho civil
650 _aPERSONAS JURIDICAS
650 _aPATRIMONIO
856 4 1 _uhttps://biblioeco.unsa.edu.ar/pmb/images/revistas/R10507.jpg
_yImagen de portada
_qimage/jpeg
999 _c8759
_d8759